MDQL
is popping MORE tags! Check the
thread
!
Quizzes
Events
Quiz Creation
Community
Videos
Private Events
Remove Ads
Sign In
Join for FREE
Feedback
Dark Mode
Quiz Categories
Sports
Geography
Music
Movies
Television
Just For Fun
Miscellaneous
History
Literature
Language
Science
Gaming
Entertainment
Religion
Holiday
For Kids
Quiz Lab
Recent
Popular Today
Quiz Kudos Today
Editor Picks
Curator Picks
Quizzes by...
Day
Popularity
Type
Ratings
Length
Year
Community
Subscriptions
Recent Discussions
Orange Saloon
Badges
Playlists
Quests
Create
Leaderboards
Showdown
Live 5
Trivia Bingo
Activity
Puzzle Library
Sporcle Events
Private Events
Virtual Trivia
Globe League
Become a Host
Pub Owners
SporcleCon
Opinionation
Our Games
Videos
Blog
Mobile Apps
Partnerships
Remove Ads and Go Orange
Feedback
Geography
Country
Landmarks
City
State
Population
World
Capital
Continent
Flags
Europe
Africa
Asia
South America
North America
Oceania
Border
Canada
United Kingdom
Topography
United States
Geography
Country
Landmarks
City
State
Population
World
Capital
Continent
Flags
Europe
Africa
Asia
South America
North America
Oceania
Border
Canada
United Kingdom
Topography
United States
Random Quiz
Search Sporcle
×
Quiz Lab
Quiz Lab
Geography
State
Type in answers that appear in a list
Type in answers that appear in a list
Classic
Best Score? Go Orange.
US Counties Beginning With 'M' Stats
Can you name the US Counties, Parishes, Etc. Beginning With 'M'?
By
plytzylmyk
20m
144 Questions
687 Plays
687 Plays
687 Plays
Comments
Comments
Give Quiz Kudos
Give Quiz Kudos
-
- Ratings
hide this ad
Replay
Link that replays current quiz
Next Quiz
Link to next quiz in quiz playlist
You Got
0%
They Got
Avg Score
68%
Avg Friend Score
Upgrade to see
Score Distribution
Jump to the score distribution portion of the page
Score
0/144
Timer
20:00
0
Plays Today
COUNTY NAME
% Correct
Madison
97.8%
Madison Parish
97.8%
Monroe
94.9%
Montgomery
93.7%
Marion
91.7%
Macon
91.5%
Morris
91%
Mono
88.6%
Morgan
88.2%
Maricopa
88%
Mason
88%
Marshall
87.9%
Martin
87.5%
Mercer
86.9%
Marin
86.2%
Middlesex
85.6%
Moore
85.1%
Miami
84.4%
Maui
83.8%
Miller
83.7%
Midland
82.4%
Mississippi
81.9%
Missoula
81.9%
Miner
81.8%
Macomb
80.9%
Manassas (City)
80.9%
Manatee
80.8%
McLean
80.8%
Mariposa
80%
Marquette
79.9%
McDonald
79.9%
Monmouth
79.6%
Manassas Park (City)
79.4%
Mineral
79.2%
Morrison
79%
Mitchell
78.7%
Miami-Dade
78.6%
McHenry
77.8%
Mendocino
77.3%
Merced
77.3%
Milwaukee
77.1%
Monterey
77%
Mills
76.8%
Madera
76.7%
Merrimack
76.5%
Meade
75.9%
Mobile
75.4%
Murray
75.2%
COUNTY NAME
% Correct
Martinsville (City)
75%
Mecklenburg
74.9%
Morton
74.8%
Mohave
74.6%
Mackinac
72.9%
McCracken
72.7%
Maverick
72.4%
Minnehaha
72.3%
Muskogee
72.3%
McIntosh
72.2%
Medina
72.2%
Mifflin
72.2%
Modoc
72.2%
Muskingum
72.2%
Multnomah
71.7%
Menominee
71.3%
Marinette
70.6%
Mesa
70%
Morrow
69.8%
McKean
69.7%
McLennan
69.7%
Mahoning
68.4%
Monongalia
68.2%
Montrose
68.2%
Meigs
68.1%
Muscogee
68.1%
McKinley
67.9%
Matagorda
67.3%
Menard
67.2%
McDowell
66.9%
Manistee
66.6%
Mingo
66.6%
Montour
66%
Macoupin
65.9%
Mora
65.3%
Maury
65.2%
McKenzie
65.2%
McDonough
64.4%
McPherson
64%
Milam
63.7%
Mathews
63.3%
Montague
63.3%
McCormick
63.1%
Marlboro
63%
Motley
63%
Manitowoc
62.8%
McMullen
62.7%
Millard
62.4%
COUNTY NAME
% Correct
Muskegon
62.4%
McCreary
62.2%
Monona
62.1%
Musselshell
62.1%
Moultrie
61.7%
McCulloch
61.5%
McMinn
60.8%
Morehouse Parish
60.8%
Montezuma
60.3%
Malheur
60.1%
McLeod
60.1%
Mayes
59.9%
McCook
59.6%
Moffat
59.5%
Merrick
59.3%
Montmorency
59.3%
Missaukee
59%
Marathon
58.9%
McNairy
58.9%
Massac
58.6%
Menifee
58.6%
Mower
58.5%
Magoffin
58.3%
McCone
58.3%
Marengo
58%
McClain
58%
Muhlenberg
57.1%
Meeker
57%
Minidoka
57%
Major
56.4%
Muscatine
56.4%
Montcalm
55.7%
McDuffie
55.4%
Mille Lacs
55.4%
Meagher
55%
Maries
54.8%
Matanuska-Susitna Borough
54.8%
McCurtain
54.8%
Morrill
54.8%
Mecosta
54.2%
Meriwether
53.8%
Moody
52.9%
Mountrail
51.2%
Metcalfe
50%
Mahnomen
47.8%
Mahaska
47.4%
Moniteau
47.2%
Mellette
47.1%
Quiz Playlist
Details
Report
Send in Message
Add To Playlist
Classic:
Type in answers that appear in a list
Last Updated: Feb 16, 2017
Quiz Scoreboard
CHALLENGE
Sign Up to Join the Scoreboard
Show All
Scores
Hide
Comments
May contain spoilers
Recently Published
Holiday 10x10 Sorting Gallery
by lukepisani3
Holiday
15m
Two Season TV Shows II
by 123Four
Television
10m
Image Sorting: Flags VI
by Barbecue
Geography
2m
More to Explore
Quiz From the Vault
Featured Blog Post
14 Easter Pick-up Lines to Find Eggs With
hide this ad
You Might Also Like...
Tags
State Quiz
Begins With
counties
etc
parish
US Counties
Today's Top Quizzes in Geography
Browse Geography
hide this ad
Today's Top Quizzes in State
Browse State
Top Contributed Quizzes in Geography
1
Colored Red Europe Blitz I
2
Countries of the World - No Outlines Minefield
3
Colored Red Africa Blitz II
4
Colored Red Europe Blitz II
5
Colored Red Europe Blitz III
6
Colored Red Africa Blitz III
7
Colored Red States Blitz I
8
A Different View: World Oceans
9
Colored Red States Blitz II
10
Colored Red States Blitz III
Explore More
Trending Topics
Marvel
Harry Potter
Crossword
Disney
NBA
Kpop
Anime
Puzzle
Country
Song
Soccer
WWE
The Office
NFL
Pokémon
hide this ad
More By:
plytzylmyk
Quiz
Plays
Rating
Category
Featured
Created
American Revolution: “Foreign Aiders”
2,065
4.09
History
Mar 29, 2010
Name the Kentucky Counties (Map)
1,756
4.50
Geography
Jun 23, 2013
Almost Famous Hits: 40 #40 45's
1,451
4.30
Music
Dec 13, 2013
254 Counties Of Texas Map Challenge
1,035
3.67
Geography
Jun 25, 2013
US Counties Beginning With 'C'
999
5.00
Geography
Apr 7, 2013
Go to Creator's Profile
Score Distribution
Quiz Creator Spotlight
plytzylmyk
Follow
Send a Message
Quizzes Created
-
Created Quiz Play Count
-
More By This Creator
Popular Quizzes Today
1
Find the US States - No Outlines Minefield
2
Colored Red Africa Blitz
3
Find the 'City' Movie
4
The Countries of the World
5
Find the US States
6
5x2 Blitz: Bands
7
Find the Countries of Europe - No Outlines Minefield
8
US States
More Geography Quizzes
Where's My Border Gone? (The Americas)
Curator's Pick
Trending Quizzes
Colored Red Europe Blitz I
Colored Red Europe Blitz II
Colored Red Africa Blitz II
Colored Red Europe Blitz III
Colored Red Africa Blitz III
Recently Updated
Odd Team Out - Big 4 Players
pecheneg
Quick Pick: 20 Twenties
pecheneg
March Madness Men's Triple Doubles
pecheneg
How Do You Spell That?
pecheneg
Godzilla Movies
pecheneg
Grab Bag: 4-10 Letters
pecheneg
2024 March Madness Bracket
pecheneg
Famous TV Couples
Peacemaker
Champions League XIs: Real Madrid
pecheneg
Largest US Cities 1790-2010
pecheneg
Trending Topics
Disney
Harry Potter
Marvel
Anime
Crossword
Kpop
NBA
The Office
Pokémon
Song
Puzzle
WWE
Soccer
NFL
Country
Your Account Isn't Verified!
In order to create a playlist on Sporcle, you need to verify the email address you used during registration. Go to your
Sporcle Settings
to finish the process.
Report this User
Report this user for behavior that violates our
Community Guidelines
.
Details:
Send Report
Go to the Sporcle.com Mobile Site →
Comments